000 00583nam a2200181 i 4500
001 126295
003 ES-MaACL
005 20250809062556.0
007 t|
008 070214s1934 sp r ||||1| spa d
100 1 _aRecasens Siches, Luis,
_d1903-1977
_995751
245 1 4 _aLos temas de la filosofía del derecho en perspectiva histórica y visión de futuro /
_cLuis Recasens Siches.
260 _aBarcelona :
_b[s.n.],
_c1934 (
_fImp. Clarasó)
300 _a150 p. ;
_c22 cm.
650 4 _aDerecho-
_xFilosofía
_911620
852 _aES-MaACL
_jA-3448
999 _c126295
_d126295